Udalostný prístup k podnikovej kríze

Objasnenie pojmu podnikovej krízy z udalostného pohľadu, ktorý vníma krízu, ako udalosť, ktorá má svoj pevný začiatok a koniec. Kríza začína konkrétnou spúšťacou udalosťou. Kríza postupne prechádza niekoľkými štádiami potenciálnej, latentnej akútnej krízy až po jej vyriešenie. Jej dynamika a priebeh...

ver descrição completa

Na minha lista:
Detalhes bibliográficos
Autor principal: Kádárová, Jaroslava
Formato: Capítulo de Livro
Idioma:eslovaco
Assuntos:
Tags: Adicionar Tag
Sem tags, seja o primeiro a adicionar uma tag!

MARC

LEADER 00000nla$a2200000$$$4500
001 0092703
005 20220321133348.3
041 0 |a slo 
044 |a SK 
245 1 0 |a Udalostný prístup k podnikovej kríze  |c Jaroslava Kádárová 
520 |a Objasnenie pojmu podnikovej krízy z udalostného pohľadu, ktorý vníma krízu, ako udalosť, ktorá má svoj pevný začiatok a koniec. Kríza začína konkrétnou spúšťacou udalosťou. Kríza postupne prechádza niekoľkými štádiami potenciálnej, latentnej akútnej krízy až po jej vyriešenie. Jej dynamika a priebeh závisí od mnohých faktorov. Nie každá podniková kríza prechádza všetkými fázami a ich dĺžka a postupnosť je pre každú krízu rozdielna. 
610 2 0 |a kríza podniku 
610 2 0 |a manažment krízový 
610 2 0 |a globalizácia 
610 2 0 |a reorganizácia 
610 2 0 |a kríza finančná 
610 2 0 |a riadenie operatívne 
100 1 |a Kádárová, Jaroslava